| 000 | 00599nam a2200157Ia 4500 | ||
|---|---|---|---|
| 008 | 151213s9999 xx 000 0 und d | ||
| 100 | _aপমো: আব্দুল জব্বার | ||
| 245 |
_aবাংলাদেশের ইতিহাস (প্রাচীন যুগ) _cপমো: আব্দুল জব্বার |
||
| 250 | _a১ম সং | ||
| 260 |
_aঢাকা _bএম.এ. আমির হোসেন _c2007 |
||
| 300 | _a8351 p. | ||
| 650 | _aBangla | ||
| 650 | _a্ইতিহাস | ||
| 700 | _aপমো: আব্দুল জব্বার | ||
| 999 |
_c4191 _d4191 |
||